000 00784nam a2200253 i 4500
001 bg
100 1 _aKRAJEWSKI, Marcin
245 1 0 _aUmowa przedwstępna /
_cMarcin Krajewski.
250 _a2 wyd. rozsz. i zaktualiz.
260 _aWarszawa :
_bWydaw. C. H. Beck,
_c2002.
300 _aXXIV, 245 s. ;
_c21 cm.
490 1 _aMonografie Prawnicze
504 _aBibliogr. Indeks.
650 9 _aUmowa przedwstępna
_zPolska
_ystan na 2002 r.
830 _aMonografie Prawnicze
020 _a8372478430
040 _cBPK
041 0 _apol
080 _a347.45/.46(438)
920 _a83-7247-843-0
942 _cKS
008 s pl f |000 0 pol
999 _c43507
_d43507
856 _uhttp://koha.tu.koszalin.pl/cgi-bin/koha/opac-detail.pl?biblionumber=43507
_yKatalog online BPK